[Event "Mitropa Cup 28th"]
[Site "Rogaska Slatina"]
[Date "2009.05.12"]
[Round "4"]
[White "Krejci, Jan1"]
[Black "Michalik, Peter"]
[Result "1-0"]
[WhiteElo "2430"]
[BlackElo "2409"]
[PlyCount "89"]
[EventDate "2009.05.09"]
[EventType "team-tourn"]
[EventRounds "9"]
[EventCountry "SLO"]
[Source "ChessBase"]
[SourceDate "2009.07.02"]
[WhiteTeam "Czech Republic"]
[BlackTeam "Slovakia"]
[WhiteTeamCountry "CZE"]
[BlackTeamCountry "SVK"]

1. e4 e6 2. d4 d5 3. Nc3 Nc6 4. Nf3 Nf6 5. e5 Ne4 6. a3 Nxc3 7. bxc3 Na5 8. Bd3
Be7 9. h4 h6 10. Rh3 c5 11. Rg3 c4 12. Be2 Rh7 13. h5 Kd7 14. Kf1 Kc7 15. Kg1
Bd7 16. Nh2 b5 17. f4 Nc6 18. Nf1 a5 19. Bg4 b4 20. axb4 axb4 21. Rxa8 Qxa8 22.
cxb4 Bxb4 23. c3 Be7 24. Qc2 Rh8 25. Bh3 f5 26. exf6 gxf6 27. f5 e5 28. dxe5
Bc5+ 29. Be3 Bxe3+ 30. Nxe3 Nxe5 31. Qd1 Kd6 32. Rg7 Re8 33. Qd4 Bc6 34. Ra7
Qb8 35. Ra5 Kd7 36. Ra1 Rg8 37. Kh1 Kd6 38. Rd1 Qb7 39. Nxc4+ Nxc4 40. Qxf6+
Kc5 41. Qd4+ Kd6 42. Qxc4 Rg5 43. Qf4+ Kc5 44. Qd4+ Kd6 45. Qf6+ 1-0

[Event "Mitropa Cup 28th"]
[Site "Rogaska Slatina"]
[Date "2009.05.12"]
[Round "4"]
[White "Vavrak, Peter"]
[Black "Petr, Martin"]
[Result "1/2-1/2"]
[WhiteElo "2487"]
[BlackElo "2460"]
[PlyCount "67"]
[EventDate "2009.05.09"]
[EventType "team-tourn"]
[EventRounds "9"]
[EventCountry "SLO"]
[Source "ChessBase"]
[SourceDate "2009.07.02"]
[WhiteTeam "Slovakia"]
[BlackTeam "Czech Republic"]
[WhiteTeamCountry "SVK"]
[BlackTeamCountry "CZE"]

1. d4 Nf6 2. c4 g6 3. g3 Bg7 4. Bg2 d5 5. cxd5 Nxd5 6. e4 Nb4 7. d5 c6 8. a3
Qa5 9. Nc3 cxd5 10. Bf4 N4c6 11. exd5 Ne5 12. Nge2 O-O 13. O-O Nbd7 14. Nd4 Nc4
15. Ncb5 Nde5 16. b3 Nd6 17. Qe1 Qxe1 18. Raxe1 Nxb5 19. Nxb5 f6 20. Nc7 Rb8
21. Ne6 Bxe6 22. dxe6 Rfc8 23. Rc1 b6 24. Bb7 Rd8 25. Rc7 Kf8 26. Ba6 Rd6 27.
Rxa7 Rxe6 28. Rc1 Rd8 29. Rc8 Rxc8 30. Bxc8 Rd6 31. Ba6 g5 32. Bxe5 fxe5 33.
Bc4 Bf6 34. Kg2 1/2-1/2

[Event "Mitropa Cup 28th"]
[Site "Rogaska Slatina"]
[Date "2009.05.12"]
[Round "4"]
[White "Baramidze, David"]
[Black "Prohaszka, Peter"]
[Result "1/2-1/2"]
[WhiteElo "2547"]
[BlackElo "2511"]
[PlyCount "64"]
[EventDate "2009.05.09"]
[EventType "team-tourn"]
[EventRounds "9"]
[EventCountry "SLO"]
[Source "ChessBase"]
[SourceDate "2009.07.02"]
[WhiteTeam "Germany"]
[BlackTeam "Hungary"]
[WhiteTeamCountry "GER"]
[BlackTeamCountry "HUN"]

1. e4 c6 2. d4 d5 3. Nd2 dxe4 4. Nxe4 Bf5 5. Ng3 Bg6 6. h4 h6 7. Nf3 Nd7 8. h5
Bh7 9. Bd3 Bxd3 10. Qxd3 e6 11. Bf4 Qa5+ 12. Bd2 Bb4 13. c3 Be7 14. c4 Qc7 15.
O-O-O Ngf6 16. Kb1 O-O 17. Rhe1 Rad8 18. Qe2 Bd6 19. Ne4 Nxe4 20. Qxe4 c5 21.
d5 exd5 22. Qxd5 Nf6 23. Qf5 Qd7 24. Nh4 Bc7 25. Bc3 Qxd1+ 26. Rxd1 Rxd1+ 27.
Kc2 Rd6 28. Qf3 Re6 29. Nf5 Be5 30. Qxb7 Bxc3 31. Kxc3 Ne4+ 32. Kc2 Nxf2
1/2-1/2

[Event "Mitropa Cup 28th"]
[Site "Rogaska Slatina"]
[Date "2009.05.12"]
[Round "4"]
[White "Berczes, David"]
[Black "Prusikin, Michael"]
[Result "1-0"]
[WhiteElo "2513"]
[BlackElo "2549"]
[PlyCount "79"]
[EventDate "2009.05.09"]
[EventType "team-tourn"]
[EventRounds "9"]
[EventCountry "SLO"]
[Source "ChessBase"]
[SourceDate "2009.07.02"]
[WhiteTeam "Hungary"]
[BlackTeam "Germany"]
[WhiteTeamCountry "HUN"]
[BlackTeamCountry "GER"]

1. d4 Nf6 2. c4 g6 3. Nc3 Bg7 4. e4 d6 5. Nf3 O-O 6. Be2 Bg4 7. Be3 Nfd7 8. Rc1
a6 9. O-O c5 10. d5 b5 11. b3 Nb6 12. Ng5 Bxe2 13. Qxe2 h6 14. Nh3 N8d7 15. f4
bxc4 16. bxc4 Qc7 17. e5 dxe5 18. f5 Nf6 19. fxg6 fxg6 20. Nf2 Nbd7 21. Nfe4
Rac8 22. Rf3 Nh5 23. Rxf8+ Rxf8 24. Qd2 Kh7 25. Na4 Rb8 26. Naxc5 Nxc5 27. Nxc5
Qc8 28. Ne6 e4 29. Qc2 Nf6 30. Bd4 Bh8 31. h3 Rb4 32. a3 Rb7 33. Bxf6 Bxf6 34.
Qxe4 Qb8 35. c5 Rb2 36. c6 Qg3 37. Nf8+ Kh8 38. Nxg6+ Kg7 39. Nf4 Qf2+ 40. Kh1
1-0

[Event "Mitropa Cup 28th"]
[Site "Rogaska Slatina"]
[Date "2009.05.12"]
[Round "4"]
[White "Braun, Arik"]
[Black "Papp, Gabor"]
[Result "0-1"]
[WhiteElo "2564"]
[BlackElo "2524"]
[PlyCount "68"]
[EventDate "2009.05.09"]
[EventType "team-tourn"]
[EventRounds "9"]
[EventCountry "SLO"]
[Source "ChessBase"]
[SourceDate "2009.07.02"]
[WhiteTeam "Germany"]
[BlackTeam "Hungary"]
[WhiteTeamCountry "GER"]
[BlackTeamCountry "HUN"]

1. d4 Nf6 2. c4 e6 3. Nc3 Bb4 4. Qc2 O-O 5. Nf3 c5 6. dxc5 Na6 7. c6 bxc6 8. a3
Bxc3+ 9. Qxc3 Nc5 10. e3 a5 11. b3 d6 12. Nd2 e5 13. f3 Qb6 14. Be2 Bf5 15. e4
Bd7 16. Rb1 Ne6 17. Nf1 Nd4 18. Be3 c5 19. Nd2 Nh5 20. g4 Nf4 21. Bxf4 exf4 22.
h4 Rfe8 23. g5 Re5 24. Kf2 Rae8 25. Bd3 Qa7 26. Rbe1 R8e6 27. Reg1 Rg6 28. Qc1
Qb6 29. Bc2 h6 30. gxh6 Rxh6 31. Nb1 Reh5 32. Nc3 Rxh4 33. Nd5 Qd8 34. Nxf4
Nxc2 0-1

[Event "Mitropa Cup 28th"]
[Site "Rogaska Slatina"]
[Date "2009.05.12"]
[Round "4"]
[White "Ekstroem, Roland"]
[Black "Borisek, Jure"]
[Result "1/2-1/2"]
[WhiteElo "2481"]
[BlackElo "2581"]
[PlyCount "94"]
[EventDate "2009.05.09"]
[EventType "team-tourn"]
[EventRounds "9"]
[EventCountry "SLO"]
[Source "ChessBase"]
[SourceDate "2009.07.02"]
[WhiteTeam "Switzerland"]
[BlackTeam "Slovenia"]
[WhiteTeamCountry "SUI"]
[BlackTeamCountry "SLO"]

1. d4 Nf6 2. c4 g6 3. Nc3 d5 4. cxd5 Nxd5 5. Bd2 Bg7 6. e4 Nxc3 7. Bxc3 c5 8.
d5 Bxc3+ 9. bxc3 O-O 10. Nf3 Bg4 11. Be2 Bxf3 12. Bxf3 Qd6 13. Rb1 b6 14. O-O
Nd7 15. a4 Rab8 16. Be2 f5 17. exf5 Rxf5 18. a5 Nf6 19. axb6 axb6 20. c4 Rf4
21. Rb3 Rd4 22. Qc1 e6 23. dxe6 Re8 24. Re3 Rxe6 25. Rxe6 Qxe6 26. Re1 Re4 27.
Kf1 Kf7 28. Qd2 Rd4 29. Qe3 Re4 30. Qd2 Qe5 31. g3 Qe6 32. h4 Rd4 33. Qe3 Qxe3
34. fxe3 Rd2 35. Bf3 Rd3 36. Ke2 Rb3 37. Ra1 Ke6 38. Ra7 Kd6 39. Rg7 Rc3 40. g4
Rxc4 41. g5 Nd7 42. Rxh7 Ne5 43. h5 Nxf3 44. Kxf3 gxh5 45. Rxh5 Ke5 46. Rh6 Kf5
47. Rxb6 Kxg5 1/2-1/2

[Event "Mitropa Cup 28th"]
[Site "Rogaska Slatina"]
[Date "2009.05.12"]
[Round "4"]
[White "Gaehwiler, Gabriel"]
[Black "Skoberne, Jure"]
[Result "0-1"]
[WhiteElo "2226"]
[BlackElo "2471"]
[PlyCount "76"]
[EventDate "2009.05.09"]
[EventType "team-tourn"]
[EventRounds "9"]
[EventCountry "SLO"]
[Source "ChessBase"]
[SourceDate "2009.07.02"]
[WhiteTeam "Switzerland"]
[BlackTeam "Slovenia"]
[WhiteTeamCountry "SUI"]
[BlackTeamCountry "SLO"]

1. e4 d6 2. d4 Nf6 3. Nc3 g6 4. f4 Bg7 5. Nf3 O-O 6. Bd3 Nc6 7. e5 dxe5 8. dxe5
Nd5 9. Nxd5 Qxd5 10. Qe2 Bf5 11. Bxf5 gxf5 12. O-O Rad8 13. Be3 f6 14. exf6
Bxf6 15. c3 a5 16. Rfd1 Qe4 17. Nd2 Qe6 18. Re1 a4 19. Rac1 Qxa2 20. Qb5 a3 21.
bxa3 Rxd2 22. Bxd2 Qxd2 23. Qxb7 Qd6 24. Qb5 Na7 25. Qc4+ Kh8 26. Red1 Qb6+ 27.
Kh1 Nc8 28. Rb1 Qe3 29. Rb8 Qa7 30. Rdb1 Kg7 31. R8b7 Qe3 32. Qxc7 Qd3 33. Qd7
Nd6 34. Re1 Qxc3 35. Rbb1 Ne4 36. Qxf5 Nf2+ 37. Kg1 Nd3 38. Qg4+ Kh8 0-1

[Event "Mitropa Cup 28th"]
[Site "Rogaska Slatina"]
[Date "2009.05.12"]
[Round "4"]
[White "Lenic, Luka"]
[Black "Schiendorfer, Emanuel"]
[Result "1-0"]
[WhiteElo "2574"]
[BlackElo "2274"]
[PlyCount "55"]
[EventDate "2009.05.09"]
[EventType "team-tourn"]
[EventRounds "9"]
[EventCountry "SLO"]
[Source "ChessBase"]
[SourceDate "2009.07.02"]
[WhiteTeam "Slovenia"]
[BlackTeam "Switzerland"]
[WhiteTeamCountry "SLO"]
[BlackTeamCountry "SUI"]

1. d4 Nf6 2. c4 g6 3. Nc3 Bg7 4. e4 d6 5. f3 O-O 6. Be3 c5 7. Nge2 Qa5 8. Nc1
cxd4 9. Nb3 Qh5 10. Nxd4 Nc6 11. Nde2 Qa5 12. Qd2 a6 13. Nf4 Be6 14. Rc1 Ne5
15. b3 Rac8 16. Na4 Qxd2+ 17. Kxd2 Nfd7 18. Be2 Bh6 19. Rhd1 Rfe8 20. Nxe6
Bxe3+ 21. Kxe3 fxe6 22. f4 Nc6 23. c5 Nxc5 24. Nxc5 dxc5 25. Rxc5 Rcd8 26. Rxd8
Rxd8 27. Bxa6 Nb4 28. Bxb7 1-0

[Event "Mitropa Cup 28th"]
[Site "Rogaska Slatina"]
[Date "2009.05.12"]
[Round "4"]
[White "Pavasovic, Dusko"]
[Black "Jenni, Florian"]
[Result "1/2-1/2"]
[WhiteElo "2607"]
[BlackElo "2516"]
[PlyCount "41"]
[EventDate "2009.05.09"]
[EventType "team-tourn"]
[EventRounds "9"]
[EventCountry "SLO"]
[Source "ChessBase"]
[SourceDate "2009.07.02"]
[WhiteTeam "Slovenia"]
[BlackTeam "Switzerland"]
[WhiteTeamCountry "SLO"]
[BlackTeamCountry "SUI"]

1. e4 e5 2. Nf3 Nc6 3. Bb5 a6 4. Ba4 Nf6 5. O-O Be7 6. Qe2 b5 7. Bb3 O-O 8. c3
d5 9. d3 Bb7 10. Nbd2 Re8 11. Re1 h6 12. a3 Qd7 13. Nf1 Bf8 14. Ng3 Rad8 15.
Bd2 dxe4 16. dxe4 Na5 17. Ba2 Qd3 18. Qxd3 Rxd3 19. c4 Nxc4 20. Bxc4 bxc4 21.
Rac1 1/2-1/2

[Event "Mitropa Cup 28th"]
[Site "Rogaska Slatina"]
[Date "2009.05.13"]
[Round "5"]
[White "Cernousek, Lukas"]
[Black "Kreisl, Robert"]
[Result "0-1"]
[WhiteElo "2439"]
[BlackElo "2389"]
[PlyCount "84"]
[EventDate "2009.05.09"]
[EventType "team-tourn"]
[EventRounds "9"]
[EventCountry "SLO"]
[Source "ChessBase"]
[SourceDate "2009.07.02"]
[WhiteTeam "Czech Republic"]
[BlackTeam "Austria"]
[WhiteTeamCountry "CZE"]
[BlackTeamCountry "AUT"]

1. d4 d5 2. c4 c6 3. Nc3 Nf6 4. Nf3 dxc4 5. a4 Bf5 6. e3 e6 7. Bxc4 Bb4 8. O-O
Nbd7 9. Nh4 Bg6 10. Nxg6 hxg6 11. Qe2 Qc7 12. h3 O-O 13. Bd2 a5 14. Rac1 Rad8
15. Rfd1 Nb6 16. Bb3 e5 17. dxe5 Qxe5 18. Be1 Nfd7 19. Qf3 Qe7 20. Qe4 Qf6 21.
Bc2 Rfe8 22. Qd4 Qxd4 23. Rxd4 Nc5 24. Rcd1 Rxd4 25. Rxd4 Ne6 26. Rd1 Nc4 27.
Ne4 Nxb2 28. Bxb4 Nxd1 29. Bxa5 Nb2 30. Bc3 Nc4 31. Bb3 b5 32. Bxc4 bxc4 33. a5
Nc7 34. Nc5 Nb5 35. Bb4 c3 36. Kf1 c2 37. Nb3 Rd8 38. Ke2 c5 39. Bd2 c4 40. Nd4
c3 41. Bc1 Nxd4+ 42. exd4 Rxd4 0-1

[Event "Mitropa Cup 28th"]
[Site "Rogaska Slatina"]
[Date "2009.05.13"]
[Round "5"]
[White "Neubauer, Martin"]
[Black "Kanovsky, David"]
[Result "1/2-1/2"]
[WhiteElo "2414"]
[BlackElo "2473"]
[PlyCount "68"]
[EventDate "2009.05.09"]
[EventType "team-tourn"]
[EventRounds "9"]
[EventCountry "SLO"]
[Source "ChessBase"]
[SourceDate "2009.07.02"]
[WhiteTeam "Austria"]
[BlackTeam "Czech Republic"]
[WhiteTeamCountry "AUT"]
[BlackTeamCountry "CZE"]

1. d4 Nf6 2. c4 g6 3. Nc3 Bg7 4. e4 d6 5. Nf3 O-O 6. Be2 c5 7. O-O cxd4 8. Nxd4
Nc6 9. Be3 Bd7 10. Nc2 Qa5 11. Rc1 Rfc8 12. f3 Ne5 13. Na3 a6 14. Qd2 Be6 15.
Nd5 Qxd2 16. Bxd2 Bxd5 17. cxd5 b5 18. Nc2 e6 19. dxe6 fxe6 20. Nd4 Kf7 21.
Rxc8 Rxc8 22. Rc1 Rxc1+ 23. Bxc1 d5 24. a4 bxa4 25. exd5 Nxd5 26. Nc2 a5 27.
Bb5 Nb4 28. Ne1 Ke7 29. Kf1 Kd6 30. Ke2 Kc5 31. Bxa4 Nc4 32. b3 Nb6 33. Be8
N6d5 34. Nd3+ Kd6 1/2-1/2

[Event "Mitropa Cup 28th"]
[Site "Rogaska Slatina"]
[Date "2009.05.13"]
[Round "5"]
[White "Petr, Martin"]
[Black "Ragger, Markus"]
[Result "1/2-1/2"]
[WhiteElo "2460"]
[BlackElo "2544"]
[PlyCount "77"]
[EventDate "2009.05.09"]
[EventType "team-tourn"]
[EventRounds "9"]
[EventCountry "SLO"]
[Source "ChessBase"]
[SourceDate "2009.07.02"]
[WhiteTeam "Czech Republic"]
[BlackTeam "Austria"]
[WhiteTeamCountry "CZE"]
[BlackTeamCountry "AUT"]

1. e4 c5 2. Nf3 d6 3. d4 cxd4 4. Nxd4 Nf6 5. Nc3 a6 6. Bg5 e6 7. f4 Qb6 8. Qd3
Qxb2 9. Rb1 Qa3 10. f5 Qa5 11. Bxf6 gxf6 12. fxe6 fxe6 13. Qc4 Kd8 14. Rb3 Qe5
15. Be2 Rg8 16. O-O Qc5 17. Rxf6 Qxc4 18. Bxc4 d5 19. Nxe6+ Bxe6 20. exd5 Bh3
21. d6 Rxg2+ 22. Kh1 Nd7 23. Rf3 Rg4 24. Rxh3 Rxc4 25. Rxh7 b5 26. Nd5 Rd4 27.
Nc7 Rd1+ 28. Kg2 Rd2+ 29. Kh1 Rd1+ 30. Kg2 Rd2+ 31. Kf1 Rc8 32. Ne6+ Ke8 33.
Nc7+ Kd8 34. Ne6+ Ke8 35. Re3 Bxd6 36. Nc7+ Kd8 37. Ne6+ Ke8 38. Nc7+ Kd8 39.
Ne6+ 1/2-1/2

[Event "Mitropa Cup 28th"]
[Site "Rogaska Slatina"]
[Date "2009.05.13"]
[Round "5"]
[White "Schachinger, Mario"]
[Black "Krejci, Jan1"]
[Result "0-1"]
[WhiteElo "2350"]
[BlackElo "2430"]
[PlyCount "60"]
[EventDate "2009.05.09"]
[EventType "team-tourn"]
[EventRounds "9"]
[EventCountry "SLO"]
[Source "ChessBase"]
[SourceDate "2009.07.02"]
[WhiteTeam "Austria"]
[BlackTeam "Czech Republic"]
[WhiteTeamCountry "AUT"]
[BlackTeamCountry "CZE"]

1. e4 c5 2. Nf3 e6 3. d4 cxd4 4. Nxd4 a6 5. Bd3 Bc5 6. Nb3 Ba7 7. Qg4 Nf6 8.
Qg3 Nc6 9. Nc3 d6 10. Bg5 h6 11. Bd2 g5 12. Be3 b5 13. O-O-O b4 14. Na4 Qc7 15.
Bxa7 Rxa7 16. Qe3 Ng4 17. Qb6 Bd7 18. Rd2 Nce5 19. f3 Nxd3+ 20. Rxd3 Qxb6 21.
Nxb6 Nf2 22. Rhd1 Nxd3+ 23. Rxd3 Ke7 24. Na5 Rc7 25. Rd4 Rc5 26. Nb7 Rb5 27.
Rxd6 Bc8 28. e5 Rxe5 29. Nc4 Rb5 30. Nba5 Rxa5 0-1

[Event "Mitropa Cup 28th"]
[Site "Rogaska Slatina"]
[Date "2009.05.13"]
[Round "5"]
[White "Gustafsson, Jan"]
[Black "Bosiocic, Marin"]
[Result "1/2-1/2"]
[WhiteElo "2631"]
[BlackElo "2571"]
[PlyCount "189"]
[EventDate "2009.05.09"]
[EventType "team-tourn"]
[EventRounds "9"]
[EventCountry "SLO"]
[Source "ChessBase"]
[SourceDate "2009.07.02"]
[WhiteTeam "Germany"]
[BlackTeam "Croatia"]
[WhiteTeamCountry "GER"]
[BlackTeamCountry "CRO"]

1. d4 Nf6 2. c4 e6 3. Nf3 b6 4. g3 Ba6 5. Qa4 Bb7 6. Bg2 c5 7. dxc5 Bxc5 8. O-O
O-O 9. Nc3 Be7 10. Rd1 Na6 11. Bf4 Nc5 12. Qc2 Qc8 13. Rd4 d5 14. Rc1 Rd8 15.
cxd5 exd5 16. Rdd1 Ne6 17. Be5 Qd7 18. e4 Qe8 19. Bxf6 Bxf6 20. Nxd5 Bxd5 21.
exd5 Rac8 22. Qd2 Rxc1 23. Qxc1 Nc5 24. b4 Nb7 25. Re1 Qd7 26. Ne5 Bxe5 27.
Rxe5 Rc8 28. Qe1 Nd6 29. Re7 Qa4 30. h4 Kf8 31. Qe5 Re8 32. Rxe8+ Nxe8 33. a3
Qd7 34. Bf3 Qc7 35. Qe3 Nd6 36. Kg2 h6 37. Qe5 Ne8 38. Qd4 Nd6 39. Be2 Qe7 40.
Bd3 Qc7 41. h5 Ne8 42. Bb5 Nd6 43. Be2 Qe7 44. Bf3 Qc7 45. Qe5 Ne8 46. Qe4 Nd6
47. Qh7 Ne8 48. Qf5 Nd6 49. Qf4 Nb5 50. Qe3 Qc3 51. Qe2 Nd6 52. Qa6 Qc7 53. Qd3
Ne8 54. Bd1 Qd7 55. Bb3 Nd6 56. Qc2 Ne8 57. Kg1 Nd6 58. a4 Qf5 59. Qd1 Qe4 60.
b5 Qb4 61. Bc2 Qc3 62. Kg2 Qc4 63. Qd2 Qg4 64. Qc3 Qc4 65. Qe5 Qc7 66. Bd1 Qe7
67. Qa1 Qe1 68. Qa3 Qe7 69. Bf3 Qc7 70. Qb4 Ke7 71. Qd4 Kf8 72. g4 Qc4 73. Qe5
Qc7 74. Bd1 Qe7 75. Qa1 Qc7 76. Bf3 Qc4 77. Qe5 Qc7 78. Qf4 Qe7 79. Qc1 Qd8 80.
Qc6 Ke7 81. Kg3 Qb8 82. Kg2 Qc8 83. Kg3 Qb8 84. Kg2 Qc8 85. Kh3 Qd8 86. Bg2 Qc8
87. Kg3 Qb8 88. f4 Qc8 89. Bf3 Qxc6 90. dxc6 Nc8 91. Bd5 f6 92. Kf3 Kd6 93. Bb3
Ne7 94. Ke3 Kc7 95. Bc4 1/2-1/2

[Event "Mitropa Cup 28th"]
[Site "Rogaska Slatina"]
[Date "2009.05.13"]
[Round "5"]
[White "Jovanovic, Zoran2"]
[Black "Braun, Arik"]
[Result "1-0"]
[WhiteElo "2525"]
[BlackElo "2564"]
[PlyCount "55"]
[EventDate "2009.05.09"]
[EventType "team-tourn"]
[EventRounds "9"]
[EventCountry "SLO"]
[Source "ChessBase"]
[SourceDate "2009.07.02"]
[WhiteTeam "Croatia"]
[BlackTeam "Germany"]
[WhiteTeamCountry "CRO"]
[BlackTeamCountry "GER"]

1. e4 c6 2. d4 d5 3. Nc3 dxe4 4. Nxe4 Bf5 5. Ng3 Bg6 6. h4 h6 7. Nf3 Nd7 8. h5
Bh7 9. Bd3 Bxd3 10. Qxd3 e6 11. Bd2 Ngf6 12. O-O-O Be7 13. Ne4 Nxe4 14. Qxe4
Nf6 15. Qd3 Qd5 16. c4 Qe4 17. Qb3 O-O-O 18. Rhe1 Qh7 19. Qa4 Kb8 20. Ne5 Rhf8
21. Bf4 Bd6 22. Re3 Ka8 23. Nxc6 a6 24. Nxd8 Bxf4 25. Nxb7 Qe4 26. Nc5 Bxe3+
27. fxe3 Qxe3+ 28. Kb1 1-0

[Event "Mitropa Cup 28th"]
[Site "Rogaska Slatina"]
[Date "2009.05.13"]
[Round "5"]
[White "Prusikin, Michael"]
[Black "Saric, Ante"]
[Result "1-0"]
[WhiteElo "2549"]
[BlackElo "2502"]
[PlyCount "81"]
[EventDate "2009.05.09"]
[EventType "team-tourn"]
[EventRounds "9"]
[EventCountry "SLO"]
[Source "ChessBase"]
[SourceDate "2009.07.02"]
[WhiteTeam "Germany"]
[BlackTeam "Croatia"]
[WhiteTeamCountry "GER"]
[BlackTeamCountry "CRO"]

1. d4 Nf6 2. c4 e6 3. Nf3 b6 4. g3 Bb4+ 5. Bd2 Bxd2+ 6. Qxd2 Ba6 7. b3 O-O 8.
Bg2 d5 9. O-O Nbd7 10. cxd5 Ne4 11. Qb2 exd5 12. Re1 Re8 13. e3 c5 14. Nc3 Bb7
15. Rac1 a5 16. Red1 Qf6 17. Rc2 Rad8 18. dxc5 Ndxc5 19. Ne2 Qe7 20. Nf4 b5 21.
Qa3 Nc3 22. Rxc3 b4 23. Qxa5 bxc3 24. Qxc3 Ne4 25. Qb2 Qb4 26. Nd4 Qc3 27. Qxc3
Nxc3 28. Ra1 g5 29. Nd3 Ra8 30. a4 Rec8 31. Bf3 Ne4 32. b4 Rc3 33. Bxe4 dxe4
34. Nc5 Bd5 35. Nd7 Bb7 36. Nb6 Rd8 37. a5 Kg7 38. b5 Kg6 39. a6 Ba8 40. Nxa8
Rxa8 41. b6 1-0

[Event "Mitropa Cup 28th"]
[Site "Rogaska Slatina"]
[Date "2009.05.13"]
[Round "5"]
[White "Borisek, Jure"]
[Black "Terrieux, Kevin"]
[Result "1-0"]
[WhiteElo "2581"]
[BlackElo "2449"]
[PlyCount "47"]
[EventDate "2009.05.09"]
[EventType "team-tourn"]
[EventRounds "9"]
[EventCountry "SLO"]
[Source "ChessBase"]
[SourceDate "2009.07.02"]
[WhiteTeam "Slovenia"]
[BlackTeam "France"]
[WhiteTeamCountry "SLO"]
[BlackTeamCountry "FRA"]

1. e4 g6 2. d4 Bg7 3. Nc3 d6 4. Be3 a6 5. f4 Nf6 6. Nf3 O-O 7. Bd3 Nbd7 8. Qe2
e5 9. dxe5 Ng4 10. Bd2 dxe5 11. h3 Ngf6 12. g4 exf4 13. O-O-O Nc5 14. Bxf4 Be6
15. Qe3 Nfd7 16. Be2 Re8 17. e5 b5 18. Nd4 Qc8 19. Nc6 Nb7 20. Bf3 Nb6 21. Bh6
Bd7 22. Bxg7 Kxg7 23. Rhf1 Nc4 24. Qf4 1-0

[Event "Mitropa Cup 28th"]
[Site "Rogaska Slatina"]
[Date "2009.05.13"]
[Round "5"]
[White "Philippe, Christophe"]
[Black "Lenic, Luka"]
[Result "0-1"]
[WhiteElo "2435"]
[BlackElo "2574"]
[PlyCount "108"]
[EventDate "2009.05.09"]
[EventType "team-tourn"]
[EventRounds "9"]
[EventCountry "SLO"]
[Source "ChessBase"]
[SourceDate "2009.07.02"]
[WhiteTeam "France"]
[BlackTeam "Slovenia"]
[WhiteTeamCountry "FRA"]
[BlackTeamCountry "SLO"]

1. e4 e5 2. Nf3 Nc6 3. Bb5 a6 4. Ba4 Nf6 5. d3 d6 6. c3 g6 7. Bg5 Bg7 8. Nbd2
b5 9. Bb3 O-O 10. Nf1 Qd7 11. Qd2 Na5 12. Bc2 Bb7 13. Ne3 Rfe8 14. Bxf6 Bxf6
15. h4 Bg7 16. h5 c5 17. hxg6 hxg6 18. O-O-O d5 19. exd5 Bxd5 20. c4 Bxf3 21.
gxf3 Nc6 22. Nd5 Rab8 23. Rh4 Ne7 24. Nxe7+ Qxe7 25. Rdh1 Qf6 26. Bb3 Red8 27.
Qe2 Rd6 28. Re4 Rbd8 29. Bc2 Rd4 30. Kb1 Qg5 31. a3 bxc4 32. dxc4 Rd2 33. Qe3
Qg2 34. Reh4 Qxf2 35. Qb3 Bf6 36. Rh6 e4 37. Qb6 Qd4 38. R6h2 Rxh2 39. Rxh2
Qg1+ 40. Ka2 Qxh2 41. Qxf6 Rd2 42. Bxe4 Qd6 43. Qxd6 Rxd6 44. b4 cxb4 45. axb4
Kf8 46. Kb3 f5 47. Bb7 Rb6 48. Bd5 g5 49. Ka4 Ke7 50. c5 Rb5 51. Bc6 g4 52.
fxg4 fxg4 53. Kb3 g3 54. Kc4 Kd8 0-1

[Event "Mitropa Cup 28th"]
[Site "Rogaska Slatina"]
[Date "2009.05.13"]
[Round "5"]
[White "Skoberne, Jure"]
[Black "Vitoux, Colomban"]
[Result "1-0"]
[WhiteElo "2471"]
[BlackElo "2446"]
[PlyCount "81"]
[EventDate "2009.05.09"]
[EventType "team-tourn"]
[EventRounds "9"]
[EventCountry "SLO"]
[Source "ChessBase"]
[SourceDate "2009.07.02"]
[WhiteTeam "Slovenia"]
[BlackTeam "France"]
[WhiteTeamCountry "SLO"]
[BlackTeamCountry "FRA"]

1. Nf3 Nf6 2. g3 g6 3. Bg2 d5 4. d4 Bg7 5. O-O O-O 6. c4 dxc4 7. Na3 c3 8. bxc3
c5 9. e3 Nc6 10. Qe2 Bf5 11. Rd1 Qb6 12. Bb2 Be4 13. Nc4 Qa6 14. Bf1 Rad8 15.
Ncd2 Qxe2 16. Bxe2 Bf5 17. dxc5 Nd7 18. Nb3 Bc2 19. Rd2 Bxb3 20. axb3 Nxc5 21.
Rxd8 Rxd8 22. b4 Nd3 23. Bxd3 Rxd3 24. b5 Ne5 25. Nxe5 Bxe5 26. Rxa7 Bxc3 27.
Bxc3 Rxc3 28. Rxb7 e6 29. g4 g5 30. Kg2 Kg7 31. Kf3 Rc2 32. b6 Rb2 33. h3 Kf6
34. Ke4 Rxf2 35. Rd7 Rb2 36. b7 Rb4+ 37. Kd3 Ke5 38. Rxf7 h6 39. Rd7 Rb2 40.
Kc4 Ke4 41. Kc3 1-0

[Event "Mitropa Cup 28th"]
[Site "Rogaska Slatina"]
[Date "2009.05.13"]
[Round "5"]
[White "Huss, Andreas"]
[Black "Berczes, David"]
[Result "0-1"]
[WhiteElo "2340"]
[BlackElo "2513"]
[PlyCount "60"]
[EventDate "2009.05.09"]
[EventType "team-tourn"]
[EventRounds "9"]
[EventCountry "SLO"]
[Source "ChessBase"]
[SourceDate "2009.07.02"]
[WhiteTeam "Switzerland"]
[BlackTeam "Hungary"]
[WhiteTeamCountry "SUI"]
[BlackTeamCountry "HUN"]

1. d4 Nf6 2. Nf3 b6 3. c4 e6 4. Nc3 Bb4 5. Qc2 Bb7 6. a3 Bxc3+ 7. Qxc3 O-O 8.
e3 d6 9. Be2 Ne4 10. Qd3 Nd7 11. O-O f5 12. Nd2 Qh4 13. f3 Ng5 14. g3 Qh3 15.
Rf2 Qh5 16. Kf1 e5 17. Ke1 f4 18. gxf4 exf4 19. e4 Qh4 20. Bf1 Rae8 21. Qe2 Ne6
22. Nb3 c5 23. d5 Nd4 24. Nxd4 cxd4 25. b4 Ne5 26. Bb2 d3 27. Qd1 d2+ 28. Ke2
Nxc4 29. Bd4 Ne3 30. Qxd2 Ba6+ 0-1

[Event "Mitropa Cup 28th"]
[Site "Rogaska Slatina"]
[Date "2009.05.13"]
[Round "5"]
[White "Jenni, Florian"]
[Black "Erdos, Viktor"]
[Result "1/2-1/2"]
[WhiteElo "2516"]
[BlackElo "2581"]
[PlyCount "42"]
[EventDate "2009.05.09"]
[EventType "team-tourn"]
[EventRounds "9"]
[EventCountry "SLO"]
[Source "ChessBase"]
[SourceDate "2009.07.02"]
[WhiteTeam "Switzerland"]
[BlackTeam "Hungary"]
[WhiteTeamCountry "SUI"]
[BlackTeamCountry "HUN"]

1. Nf3 Nf6 2. g3 d5 3. Bg2 e6 4. c4 dxc4 5. Qa4+ c6 6. Qxc4 b5 7. Qb3 Bb7 8. a4
a6 9. d4 Nbd7 10. Bg5 Be7 11. Nbd2 O-O 12. O-O h6 13. Bxf6 Nxf6 14. Rfc1 Rc8
15. e3 Nd7 16. Nc4 Qc7 17. Nce5 Nxe5 18. Nxe5 c5 19. axb5 Bxg2 20. Kxg2 Qb7+
21. Kg1 axb5 1/2-1/2

[Event "Mitropa Cup 28th"]
[Site "Rogaska Slatina"]
[Date "2009.05.13"]
[Round "5"]
[White "Papp, Gabor"]
[Black "Ekstroem, Roland"]
[Result "1-0"]
[WhiteElo "2524"]
[BlackElo "2481"]
[PlyCount "65"]
[EventDate "2009.05.09"]
[EventType "team-tourn"]
[EventRounds "9"]
[EventCountry "SLO"]
[Source "ChessBase"]
[SourceDate "2009.07.02"]
[WhiteTeam "Hungary"]
[BlackTeam "Switzerland"]
[WhiteTeamCountry "HUN"]
[BlackTeamCountry "SUI"]

1. e4 c6 2. d4 d5 3. Nc3 dxe4 4. Nxe4 Bf5 5. Ng3 Bg6 6. h4 h6 7. Nf3 Nd7 8. h5
Bh7 9. Bd3 Bxd3 10. Qxd3 e6 11. Bd2 Ngf6 12. O-O-O Be7 13. Ne4 Nxe4 14. Qxe4
Nf6 15. Qd3 Qd5 16. c4 Qe4 17. Qb3 O-O-O 18. Rhe1 Qh7 19. Qa4 Kb8 20. Ne5 Ne4
21. Bf4 Bd6 22. Re3 Nxf2 23. Nxc6+ Kc7 24. Qa5+ Kc8 25. Nxa7+ Kb8 26. Bxd6+
Rxd6 27. Nb5 Ra6 28. Qc7+ Ka8 29. Rd2 Ng4 30. Ra3 Rxa3 31. bxa3 Qe4 32. Qa5+
Kb8 33. Qa7+ 1-0